Statistics for English to French #1

Click here to take the quiz!

General Stats

  • This quiz has been taken 58 times
  • The average score is 9 of 13

Answer Stats

EnglishFrench% Correct
GoodBon
98%
HelloBonjour
96%
ByeAu Revoir
94%
FrenchFrançais
90%
SchoolÉcole
84%
HeadTête
76%
SpanishEspagnol
73%
DoorPorte
71%
PenStylo
59%
GermanAllemande
53%
BadMal
53%
NiceAgréable
39%
StopArrêtez
24%

Score Distribution

Percentile by Number Answered

Percent of People with Each Score

Your Score History

You have not taken this quiz